000 01862nam a2200457 a 4500
003 BLK
005 20240619164047.0
008 180409b bul|||||r ||||||| ||bul||
010 _aKNG00143207000
020 _a978-954-577-486-7
040 _aBLK
041 _aBUL
_cBUL
072 7 _2bullib
_aН80
_xЕзикознание Н
080 _aПомощни филологически дисциплини и изследвания. Херменевтика
_b801.7
_z801.7
080 _aБългарски език
_b811.163.2
_x-85
_z811.163.2-85
080 _aБългарски език
_b811.163.2
_x:316
_z811.163.2:316
100 1 _aСавова, Ивелина Костова
_eпърви автор
_9369939
139 _aСавова, Ивелина Костова
_bС 13
245 1 0 _aСъвременните графити
_bЛингвистичен аспект
_cИвелина Костова Савова.
257 _aBGR
260 _bУнив. изд. Епископ Константин Преславски
_c2008
_fВ. Търново : Фабер
_aШумен
300 _a171 с.
_bс ил.
_c20 см
380 _a80
500 _aБиблиогр. с. 143-145.
650 4 _aНадписи и изображения
_9291781
650 4 _aБългарски език - стилистика
_9247579
650 4 _aБългарски език - социолингвистика
_9257396
650 0 _aЕзикознание - България
_9270804
653 _aграфити
653 _aлингвистика
653 _aстилистика
653 _aБългария
659 _aН
852 _aЦб 259563
_bЦб
856 4 _qpdf
856 4 _qpdf
942 _cKNG
_n0
_02
944 _aCR
_c29.05.2013
_k30560
_lГеновева Генчева
944 _aED
_c18.07.2023
999 _c137241
_d137241
999 _d137241